000 01100cam a2200337 i 4500
003 EG-ScBUE
005 20250731113605.0
008 150817r20041950ii a f b 001 0 eng d
020 _a812191809X
020 _a9788121918091
035 _a(OCoLC)5201113
040 _aEG-ScBUE
_beng
_erda
_cEG-ScBUE
_dEG-ScBUE
082 0 4 _a539.7
_bRAJ
_222
100 1 _aRajam, J. B.,
_eauthor.
245 1 0 _aAtomic physics /
_cby J. B. Rajam; with a forewod by Louis De Broglie.
250 _aReprint edition.
264 1 _aNew Delhi :
_bS. Chand & Company LTD,
_c2004.
300 _axvi, 1279 pages :
_billustrations ;
_c22 cm
336 _2rdacontent
_atext
_btxt
337 _aunmediated
_2rdamedia
_bn
338 _avolume
_bnc
_2rdacarrier
504 _aIncludes bibliographical references and index.
650 7 _aNuclear physics.
_2BUEsh
650 7 _aMolecular spectra.
_2BUEsh
650 7 _aPhysics.
_2BUEsh
651 _2BUEsh
653 _bENGGEN
_cAugust2015
655 _vReading book
700 1 _aDe Broglie , Louis ,
_eauthor of introduction, etc.
942 _2ddc
_cBB
999 _c9716
_d9716